000 00913nam a2200265Ia 4500
003 OSt
005 20220923211203.0
006 a|||||r|||| 00| 0
007 ta
008 220922b |||||||| |||| 00| 0 hin d
020 _a8189755269 (pbk)
024 _a327,197
037 _cTextual
040 _aARTS
_cARTS
_bhin
041 _2hin
_ahin
082 _aO152v2:N5, J8;M3
100 _aशुक्ल, रामचन्द्र, ले.
_9159308
245 0 _aहिन्दी साहित्य का इतिहास
246 _aHindī sāhitya kā itihāsa
260 _aनयी दिल्ली
_b कमल प्रकाशन
_c1983
300 _a504पृ.
_ccm.
650 _aहिन्दी साहित्य
_9156264
942 _hO152v2:N5, J8;M3
_cTEXL
_2CC
999 _c296530
_d296530